|
|
|
|
| LEADER |
00000cam a22000004a 4500 |
| 001 |
musev2_5103 |
| 003 |
MdBmJHUP |
| 005 |
20230905040619.0 |
| 006 |
m o d |
| 007 |
cr||||||||nn|n |
| 008 |
051118s2006 nyu o 00 0 eng d |
| 010 |
|
|
|z 2005033879
|
| 020 |
|
|
|a 9780791481288
|
| 020 |
|
|
|z 0791468410
|
| 020 |
|
|
|z 9780791468418
|
| 035 |
|
|
|a (OCoLC)74908296
|
| 040 |
|
|
|a MdBmJHUP
|c MdBmJHUP
|
| 050 |
0 |
4 |
|a B3248.G34
|b D38 2006
|
| 082 |
0 |
|
|a 121/.686092
|2 22
|
| 100 |
1 |
|
|a Davey, Nicholas,
|d 1950-
|
| 245 |
1 |
0 |
|a Unquiet Understanding :
|b Gadamer's Philosophical Hermeneutics /
|c Nicholas Davey.
|
| 264 |
|
1 |
|a Albany, NY :
|b State University of New York Press,
|c 2006.
|
| 264 |
|
3 |
|a Baltimore, Md. :
|b Project MUSE,
|c 2012
|
| 264 |
|
4 |
|c ©2006.
|
| 300 |
|
|
|a 1 online resource (302 pages).
|
| 336 |
|
|
|a text
|b txt
|2 rdacontent
|
| 337 |
|
|
|a computer
|b c
|2 rdamedia
|
| 338 |
|
|
|a online resource
|b cr
|2 rdacarrier
|
| 504 |
|
|
|a Includes bibliographical references (p. 275-284) and index.
|
| 505 |
0 |
|
|a Philosophical hermeneutics : navigating the approaches -- Eleven theses on philosophical hermeneutics -- Hermeneutical understanding requires difference -- Philosophical hermeneutics promotes a philosophy of experience -- Philosophical hermeneutics entails a commitment to hermeneutic realism -- Philosophical hermeneutics seeks otherness within the historical -- Philosophical hermeneutics reinterprets transcendence -- Philosophical hermeneutics entails an ethical disposition -- Hermeneutic understanding redeems the negativity of its constituting differential -- Philosophical hermeneutics affirms an ontology of the in-between -- Philosophical hermeneutics is a philosophical practice rather than a philosophical method -- Philosophical hermeneutics is a negative hermeneutics -- Philosophical hermeneutics looks upon linguistic being as a "mysterium" -- Philosophical hermeneutics and the question of openness -- Philosophical hermeneutics and bildung -- Bildung as a transformative and formative process -- Bildung and tradition -- Bildung and the question of essence -- Bildung and the in-between -- Bildung and hermeneutical practice -- Bildung and subject-matter ( die sache selbst) -- Sachen as a totality of meaning -- Die sachen and negative dialectics -- Die sachen and plato's forms -- Sachen, cultural communities and cortesia -- "Bildung" and the question of nihilism -- Conclusion -- Intimations of meaning : philosophical hermeneutics and the defense of speculative understanding -- What is speculative thinking? -- The formal elements of speculative thought -- The speculative motion of hermeneutic experience -- The defence of speculative understanding -- The speculative and the humanistic -- Speculative insight and the "unfounding" of experience -- Language and the dialectic of speculative experience -- Nietzsche, philosophical hermeneutics, language, and the market place -- Entr'acte -- Understanding's disquiet -- The wantonness of understanding -- Four responses to deconstructive criticism -- Philosophical hermeneutics and the question of alterity -- Nihilism and the life of understanding -- Dialogue and dialectic -- Language, ideas and sachen -- Keeping the word in play -- Choice words -- The poise of the in-between -- The giving word -- Language and withouteness -- Language negation and affirmation : a resume -- The open and the empty -- Understanding and the disquieting of the self -- Di-alogue and di-stance.
|
| 588 |
|
|
|a Description based on print version record.
|
| 600 |
1 |
0 |
|a Gadamer, Hans-Georg,
|d 1900-2002.
|
| 650 |
|
0 |
|a Hermeneutics.
|
| 655 |
|
7 |
|a Electronic books.
|2 local
|
| 710 |
2 |
|
|a Project Muse.
|e distributor
|
| 830 |
|
0 |
|a Book collections on Project MUSE.
|
| 856 |
4 |
0 |
|z Texto completo
|u https://projectmuse.uam.elogim.com/book/5103/
|
| 945 |
|
|
|a Project MUSE - Custom Collection
|
| 945 |
|
|
|a Project MUSE - Archive Complete Foundation
|
| 945 |
|
|
|a Project MUSE - Archive Philosophy and Religion Foundation
|